[Event "AUTO-OPEN-4574"]
[Site "http://www.queenalice.com/game.php?id=1851696"]
[Date "2025.2.7"]
[Round "1"]
[White "nuzera"]
[Black "guss"]
[Result "0-1"]
[WhiteElo "904"]
[BlackElo "2551"]

1. e4 e5 2. Nf3 Nc6 3. d4 exd4 4. Nxd4 Bc5 5. Nf5 d6 6. Nxg7+ Kf8 7. Nh5 Qh4 8.
Ng3 Nf6 9. Be3 Bxe3 10. fxe3 Bg4 11. Be2 Bxe2 12. Kxe2 Nxe4 13. Qe1 Qg4+ 14. Kf1
Nb4 15. Qxb4 Nxg3+ 16. hxg3 Qxb4 17. b3 Qb5+ 18. Kg1 Qe5 19. c3 Qxe3+ 20. Kh2
Rg8 21. Nd2 Qxg3+ 22. Kg1 Qxg2# 0-1

[Event "AUTO-OPEN-4574"]
[Site "http://www.queenalice.com/game.php?id=1851697"]
[Date "2025.2.7"]
[Round "1"]
[White "guss"]
[Black "nuzera"]
[Result "1-0"]
[WhiteElo "2550"]
[BlackElo "906"]

1. d4 d5 2. c4 Qd7 3. cxd5 Qxd5 4. Nc3 Qa5 5. Bd2 Qb6 6. Nd5 Qc6 7. e4 e6 8. Bb5
Kd7 9. Bxc6+ Nxc6 10. Nc3 Nxd4 11. Be3 e5 12. Bxd4 exd4 13. Nd5 c6 14. Qa4 b5
15. Qxd4 c5 16. Qe5 Kd8 17. Qc7+ Ke8 18. Qc6+ Kd8 19. Rd1 Rb8 20. Nc7+ Ke7 21.
Qd6# 1-0

[Event "AUTO-OPEN-4574"]
[Site "http://www.queenalice.com/game.php?id=1851698"]
[Date "2025.2.7"]
[Round "1"]
[White "nuzera"]
[Black "beteljeuxe"]
[Result "0-1"]
[WhiteElo "833"]
[BlackElo "2371"]

1. e4 e5 2. Nf3 Nc6 3. d4 exd4 4. Nxd4 Nf6 5. Nxc6 bxc6 6. Bg5 h6 7. Bxf6 Qxf6
8. c3 Bc5 9. Qe2 Rb8 10. b4 Rxb4 11. e5 Qg5 12. cxb4 Qc1+ 13. Qd1 Bxb4+ 14. Ke2
Ba6+ 0-1

[Event "AUTO-OPEN-4574"]
[Site "http://www.queenalice.com/game.php?id=1851699"]
[Date "2025.2.7"]
[Round "1"]
[White "beteljeuxe"]
[Black "nuzera"]
[Result "1-0"]
[WhiteElo "2407"]
[BlackElo "908"]

1. e4 e5 2. Nf3 d5 3. exd5 Qxd5 4. Nc3 Qc5 5. d4 exd4 6. Nxd4 Nf6 7. Qe2+ Be7 8.
Be3 O-O 9. O-O-O Bg4 10. f3 Qh5 11. fxg4 Qxg4 12. Nd5 Qxe2 13. Nxe7+ Kh8 14.
Bxe2 Re8 15. Ndf5 g6 16. Bd4 h5 17. Bxf6+ Kh7 18. Ng3 Nc6 19. Rd7 Nb4 20. Bc4
Na6 21. Bxf7 Rf8 22. Bxg6+ Kh6 23. Ngf5# 1-0

[Event "AUTO-OPEN-4578"]
[Site "http://www.queenalice.com/game.php?id=1852791"]
[Date "2025.2.24"]
[Round "1"]
[White "SGF"]
[Black "nuzera"]
[Result "0-1"]
[WhiteElo "1686"]
[BlackElo "1022"]

1. e4 e5 2. Qf3 Nf6 3. d3 Bb4+ 4. c3 Bc5 5. Bg5 Be7 6. Be2 O-O 7. Qg3 h6 8. Bxf6
Bxf6 9. Nd2 Qe7 10. h4 g6 11. h5 g5 12. a3 Qe6 13. Bg4 Qb6 14. b4 Qc6 15. Nc4 b5
16. Nd2 Qxc3 17. Ra2 Qc1+ 18. Bd1 d5 19. Ne2 Qc6 20. Rc2 Qa6 21. Nb1 Qd6 22.
Nbc3 d4 23. Nd5 Bd8 24. Rc5 c6 25. Nxd4 Bb6 26. Nxb6 axb6 27. Qxe5 Qd8 28. Nxc6
Nxc6 29. Rxc6 Rxa3 30. Rd6 Bd7 31. O-O f6 32. Qd5+ Rf7 33. Bb3 Rxb3 34. Qxb3 Qe7
35. Rxb6 Be6 36. Rb8+ Kg7 37. Qa3 Qd6 38. Rxb5 Qd7 39. Rc5 Bg4 40. f3 Bxh5 41.
g4 Bg6 42. b5 Qd4+ 43. Kg2 h5 44. b6 h4 45. Rfc1 Qd6 46. Qb3 Qb8 47. d4 Qg3+ 48.
Kf1 Bxe4 49. Rc7 Qh3+ 50. Kf2 Qg3+ 51. Ke2 Qg2+ 52. Kd1 Bxf3+ 53. Qxf3 Qxf3+ 54.
Kc2 Qe2+ 55. Kb1 Qb5+ 56. Ka2 Qa5+ 57. Kb3 Qxb6+ 58. Ka2 Rxc7 59. Rxc7+ Qxc7 60.
d5 h3 61. Kb3 h2 62. Kb4 h1=Q 63. Kb5 Qb1+ 64. Ka4 Qa7# 0-1

[Event "AUTO-OPEN-4578"]
[Site "http://www.queenalice.com/game.php?id=1852792"]
[Date "2025.2.24"]
[Round "1"]
[White "nuzera"]
[Black "SGF"]
[Result "1-0"]
[WhiteElo "902"]
[BlackElo "1761"]

1. e4 e5 2. d4 Qf6 3. d5 d6 4. Bb5+ Bd7 5. Bxd7+ Nxd7 6. Qe2 Nc5 7. Qb5+ c6 8.
dxc6 Kd8 9. cxb7 Rb8 10. Nf3 Rxb7 11. Qxb7 Nxb7 12. Bg5 Be7 13. Bxf6 Bxf6 14. b4
Ne7 15. a4 a5 16. b5 Nc5 17. Na3 Nxe4 18. Nc4 Nc5 19. Nxd6 Rf8 20. Nd2 Kc7 21.
N6c4 Ra8 22. b6+ Kc6 23. Rb1 Nb7 24. O-O Nd5 25. Ne4 Nb4 26. Na3 Kxb6 27. c3 Kc7
28. cxb4 axb4 29. Nb5+ Kc6 30. Rxb4 Be7 31. Rc1+ Kd7 32. Rd1+ Kc6 33. Rc4+ Kb6
34. Rd7 Bc5 35. Rxf7 Rd8 36. Rc1 Ba3 37. Nxa3 Ka6 38. h4 Ka5 39. Rxb7 Kxa4 40.
Ra1 Rd1+ 41. Rxd1 Kxa3 42. Ra1# 1-0

[Event "AUTO-OPEN-4579"]
[Site "http://www.queenalice.com/game.php?id=1853170"]
[Date "2025.3.3"]
[Round "1"]
[White "CHESSLOVE2405"]
[Black "nuzera"]
[Result "0-1"]
[WhiteElo "1711"]
[BlackElo "1162"]

1. e4 e5 2. Nf3 d5 3. exd5 Qxd5 4. Nc3 Qe6 5. b3 Bb4 6. Bc4 Qe7 7. Nd5 Qc5 8. c3
Ba3 9. Bxa3 Qc6 10. Nxe5 Qxd5 11. Bxd5 Be6 12. Bxb7 Nc6 13. Bxc6+ Kd8 14. Bxa8
f6 15. Qf3 Ne7 16. Bxe7+ Kxe7 0-1

[Event "AUTO-OPEN-4579"]
[Site "http://www.queenalice.com/game.php?id=1853171"]
[Date "2025.3.3"]
[Round "1"]
[White "nuzera"]
[Black "CHESSLOVE2405"]
[Result "1-0"]
[WhiteElo "1132"]
[BlackElo "1741"]

1. e4 c5 2. d4 cxd4 3. Qxd4 Nc6 4. Qc3 Nf6 5. Nd2 e5 6. a3 Be7 7. Bb5 Nd4 8.
Ngf3 Nxb5 9. Qxe5 d5 10. exd5 Qxd5 11. Qe2 Nd6 12. h3 O-O 13. O-O Re8 14. Rd1
Bf8 15. Qf1 Qh5 16. Nc4 1-0

[Event "AUTO-OPEN-4579"]
[Site "http://www.queenalice.com/game.php?id=1853200"]
[Date "2025.3.3"]
[Round "1"]
[White "nuzera"]
[Black "Ruusgugg"]
[Result "1-0"]
[WhiteElo "962"]
[BlackElo "1338"]

1. e4 b6 2. Nf3 Bb7 3. Qe2 d5 4. Nc3 dxe4 5. Nxe4 Ba6 6. c4 c5 7. Nc3 f5 8. Qe5
Bc8 9. Nb5 a6 10. Nc7+ Kf7 11. Nxa8 e6 12. d3 Bd6 13. Ng5+ Kf8 14. Nxe6+ Bxe6
15. Qxe6 f4 16. Qf5+ Nf6 17. Bxf4 g6 18. Bxd6+ Qxd6 19. Qc8+ Ne8 20. O-O-O Qf4+
21. Kb1 b5 22. Nc7 Nc6 23. Ne6+ 1-0

[Event "AUTO-OPEN-4579"]
[Site "http://www.queenalice.com/game.php?id=1853201"]
[Date "2025.3.3"]
[Round "1"]
[White "Ruusgugg"]
[Black "nuzera"]
[Result "0-1"]
[WhiteElo "1368"]
[BlackElo "932"]

1. f4 d5 2. b4 Qd6 3. Ba3 Qxf4 4. e3 Qh4+ 5. g3 Qf6 6. Nc3 Qe5 7. Qf3 d4 8. Ne4
dxe3 9. Rd1 Bf5 10. d3 Bxe4 11. dxe4 Qc3+ 12. Ke2 Qxa3 13. e5 Nc6 14. b5 Nxe5
15. Qxb7 Rd8 16. Rxd8+ Kxd8 17. Qb8+ Kd7 18. Qxf8 Qc1 19. Bg2 Qd2+ 20. Kf1 Qf2#
0-1

[Event "AUTO-OPEN-4579"]
[Site "http://www.queenalice.com/game.php?id=1853202"]
[Date "2025.3.3"]
[Round "1"]
[White "nuzera"]
[Black "Scharlatan"]
[Result "0-1"]
[WhiteElo "1138"]
[BlackElo "2108"]

1. e4 e6 2. d4 d5 3. e5 c5 4. Bb5+ Bd7 5. Nc3 a6 6. Bxd7+ Qxd7 7. Nf3 Nc6 8. Na4
Qc7 9. c3 cxd4 10. Qd3 b5 11. Nxd4 bxa4 12. a3 Bc5 13. O-O Nxe5 14. Qg3 Ne7 15.
Bf4 Bd6 16. Nf3 Nxf3+ 17. gxf3 Bxf4 18. Qg2 Nf5 19. Rfe1 Nh4 20. Qh3 Bxh2+ 21.
Qxh2 Nxf3+ 0-1

[Event "AUTO-OPEN-4583"]
[Site "http://www.queenalice.com/game.php?id=1854289"]
[Date "2025.3.21"]
[Round "1"]
[White "nuzera"]
[Black "ChessColossos"]
[Result "1-0"]
[WhiteElo "1110"]
[BlackElo "1735"]

1. e4 e5 2. d4 exd4 3. Qxd4 Nc6 4. Qe3 Nf6 5. e5 Nd5 6. Qe4 Nce7 7. Bg5 h6 8.
Bxe7 Nxe7 9. Qf4 Nd5 10. Qd4 Nb4 11. Bd3 Qg5 12. Ne2 Qxg2 13. Be4 Nxc2+ 14. Kd2
Qg5+ 15. Kxc2 c5 16. Qc3 Qf4 17. Nxf4 1-0

[Event "AUTO-OPEN-4583"]
[Site "http://www.queenalice.com/game.php?id=1854291"]
[Date "2025.3.21"]
[Round "1"]
[White "nuzera"]
[Black "game"]
[Result "1-0"]
[WhiteElo "1052"]
[BlackElo "1584"]

1. e4 e5 2. d4 Nc6 3. d5 Nb4 4. Nf3 Nf6 5. a3 Na6 6. Bxa6 bxa6 7. Nxe5 Nxe4 8.
Qf3 Nf6 9. d6 c6 10. Qe3 Bxd6 11. Nxc6+ Be5 12. Qxe5+ Kf8 13. Nxd8 Ng4 14. Qe4
Rb8 15. Qxg4 d5 16. Qd4 Bd7 17. Bg5 f6 18. Bxf6 Rg8 19. Qc5+ Ke8 20. Qe7# 1-0

[Event "AUTO-OPEN-4583"]
[Site "http://www.queenalice.com/game.php?id=1854292"]
[Date "2025.3.21"]
[Round "1"]
[White "game"]
[Black "nuzera"]
[Result "0-1"]
[WhiteElo "1550"]
[BlackElo "1080"]

1. e4 e5 2. Nf3 d5 3. d3 Bg4 4. Be2 Bxf3 5. Bxf3 d4 6. O-O h6 7. Re1 Bb4 8. c3
Bc5 9. c4 Bb4 10. Qa4+ Nc6 11. Rd1 Be7 12. Qb3 b6 13. Na3 Bxa3 14. bxa3 Qd7 15.
Bh5 g6 16. Be2 h5 17. Rd2 h4 18. Bd1 g5 19. Qb2 g4 20. Ba4 g3 21. Qb3 gxh2+ 22.
Kh1 h3 23. g3 O-O-O 24. Qb5 Qg4 25. Qxc6 Qf3+ 26. Kxh2 Qg2# 0-1

[Event "AUTO-OPEN-4584"]
[Site "http://www.queenalice.com/game.php?id=1854605"]
[Date "2025.3.27"]
[Round "1"]
[White "rmvwoods"]
[Black "nuzera"]
[Result "1-0"]
[WhiteElo "2117"]
[BlackElo "1140"]

1. e4 e5 2. Nf3 d5 3. exd5 Qxd5 4. Nc3 Qc5 5. d4 exd4 6. Qxd4 Qxd4 7. Nxd4 Bb4
8. Bd2 Bc5 9. Nb3 b6 10. O-O-O Bxf2 11. Bc4 Bh4 12. Nd5 Bd8 13. Rde1+ Kf8 14.
Rhf1 c6 15. Nc7 Bxc7 16. Rxf7# 1-0

[Event "AUTO-OPEN-4584"]
[Site "http://www.queenalice.com/game.php?id=1854631"]
[Date "2025.3.27"]
[Round "1"]
[White "silverado"]
[Black "nuzera"]
[Result "1-0"]
[WhiteElo "2014"]
[BlackElo "1082"]

1. d4 d5 2. Nf3 Bg4 3. Ne5 Be6 4. e3 c6 5. Qf3 f5 6. Qh5+ g6 7. Nxg6 Nf6 8. Qh4
Rg8 9. Nxf8 Rxf8 10. Bd3 b5 11. f3 Na6 12. e4 dxe4 13. fxe4 Qxd4 14. Nc3 b4 15.
Ne2 Qb6 16. exf5 Bd7 17. Nd4 c5 18. Nb3 Bb5 19. Bh6 Rf7 20. O-O-O Ba4 21. Bc4
Rf8 22. Bxf8 Kxf8 23. Qh6+ Ke8 24. Rhe1 Bd7 25. Qg7 Nc7 26. Qxe7# 1-0

[Event "AUTO-OPEN-4584"]
[Site "http://www.queenalice.com/game.php?id=1854632"]
[Date "2025.3.27"]
[Round "1"]
[White "nuzera"]
[Black "silverado"]
[Result "1-0"]
[WhiteElo "1192"]
[BlackElo "2027"]

1. e4 e5 2. d4 exd4 3. Qxd4 Nc6 4. Qd1 Nf6 5. a3 Nxe4 6. Qe2 Qe7 7. f3 Nc5 8.
Qxe7+ Bxe7 9. b4 Na4 10. Bf4 d6 11. Bb5 Nb2 12. Ra2 Bf6 13. c3 Nc4 14. Bxc4 O-O
15. Ne2 Bf5 16. Nd2 Rfe8 17. Bb5 Bxc3 18. O-O Bxd2 19. Rxd2 a6 20. Bxc6 bxc6 21.
Nd4 Bd7 22. Rc2 a5 23. Nxc6 axb4 24. axb4 Ra6 25. Nd4 h6 26. Rxc7 Ba4 27. Ra1 d5
28. Rc5 Bb5 29. Rxa6 Bxa6 30. Rxd5 g5 31. Bg3 Bc4 32. Rc5 Bd3 33. b5 Rb8 34.
Bxb8 Bg6 35. b6 Bd3 36. b7 Ba6 37. Rc7 1-0

[Event "AUTO-OPEN-4584"]
[Site "http://www.queenalice.com/game.php?id=1854647"]
[Date "2025.3.27"]
[Round "1"]
[White "pariolinius"]
[Black "nuzera"]
[Result "1-0"]
[WhiteElo "1998"]
[BlackElo "1134"]

1. e4 e5 2. Nf3 d5 3. exd5 Qxd5 4. Nc3 Qe6 5. g3 Qc6 6. Bg2 Bg4 7. O-O e4 8. Ne5
Bxd1 9. Nxc6 Bxc2 10. Nd4 Bd3 11. Re1 Nf6 12. Nxe4 Nbd7 13. Nxf6+ Kd8 14. Re8#
1-0

[Event "AUTO-OPEN-4585"]
[Site "http://www.queenalice.com/game.php?id=1854880"]
[Date "2025.4.2"]
[Round "1"]
[White "Tonto"]
[Black "nuzera"]
[Result "1-0"]
[WhiteElo "2048"]
[BlackElo "1136"]

1. e4 e5 2. Nc3 Bb4 3. a3 Bxc3 4. dxc3 Nf6 5. Bg5 h6 6. Bh4 g5 7. Bg3 Nxe4 8.
Bxe5 O-O 9. Qh5 Kh7 10. Bd3 f5 11. h4 Qe7 12. Nf3 g4 13. Ng5+ Nxg5 14. hxg5
Qxe5+ 15. Be2 Qg7 16. Qxh6+ Kg8 17. Bc4+ Rf7 18. g6 Qxh6 19. Rxh6 Nc6 20. Bxf7+
Kg7 21. Rh7+ Kf8 22. O-O-O d5 23. Re1 Ne7 24. g7+ Kxf7 25. Rxe7+ Kg8 26. Rh8#
1-0